000 00678cab a2200241 4500
001 ABS60145
008 090401t1999 xxu||||| |||| 00| 0 eng d
035 _a(Sirsi) u99697
041 _aeng
245 _aAre you ready for the Euro?
260 _c1999
350 _a0
490 _aConstruction News
_v(6604) 25 February 1999, 22-23(2)
520 _aConsiders how the Euro could affect your business even though the UK is outside the single currency area.
650 _aBUSINESS
650 _aECONOMIC AND MONETARY UNION
650 _aEMU
650 _aEURO
650 _aSINGLE CURRENCY
690 _aEUROPE-SINGLE MARKET
942 _n0
948 _c26/02/1999
999 _c59938
_d59938